000 00417nam a2200181Ia 4500
001 1407
005 20260306143726.0
008 260306t1994||||xx |||||||||||||| ||spa||
041 _aESP
082 _a150
_bJ19
100 _aJames, William
_eAUT
245 0 _aPrincipios de psicologia
260 _c1994
300 _axxi, 1106 páginas :
_c24 cm.
650 _aGEN
654 _aCPS
942 _cLIB
_dJUS
_fJUS
_2ddc
_n
999 _c1407
_d1407